000 00292nam a22001337a 4500
008 170621b xxu||||| |||| 00| 0 eng d
020 _a9780452269422
041 _aeng
080 _a328
100 _a20
101 _aSHP
245 _aREINVENTING GOVERNMENT
_cOSBORNE,D
942 _2udc
_cBK
999 _c18389
_d18389